| 000 | 00339 a2200133 4500 | ||
|---|---|---|---|
| 082 | _a297.1227 | ||
| 090 |
_c4813 _d4813 |
||
| 100 | _aMaududi,S.Abul A'la | ||
| 245 |
_aThe Holy Qur'an _cSyed AB'UL LA' Maududi |
||
| 260 |
_aLahore _bIslamic Publications _c2000 |
||
| 300 | _a1060p | ||
| 500 | _aHard cover | ||
| 942 |
_aNBS _cBK _k297.1227 MAU |
||
| 999 |
_c347244 _d347244 |
||